Ordre et classification : algèbre et combinatoire /
Guardado en:
| Autor Principal: | |
|---|---|
| Otros Autores: | |
| Formato: | Libro |
| Idioma: | French |
| Publicado: |
[Paris] :
Hachette,
c1970.
|
| Series: | Méthodes mathématiques des sciences de l'homme
Collection Hachette université Classiques Hachette |
| Materias: | |
| Etiquetas: |
Agregar Etiqueta
Sin Etiquetas, Sea el primero en etiquetar este registro!
|
| LEADER | 00987cam a22002891a 4500 | ||
|---|---|---|---|
| 001 | MAT.inmabb002824 | ||
| 008 | 770226s1970####fr#a#####b####001#0#fre## | ||
| 005 | 20130308120907.0 | ||
| 245 | 1 | 0 | |a Ordre et classification : |b algèbre et combinatoire / |c Marc Barbut, Bernard Monjardet. |
| 260 | |a [Paris] : |b Hachette, |c c1970. | ||
| 300 | |a 2 v. : |b il. ; |c 23 cm. | ||
| 490 | 0 | |a Méthodes mathématiques des sciences de l'homme | |
| 490 | 0 | |a Collection Hachette université | |
| 490 | 0 | |a Classiques Hachette | |
| 504 | |a Incluye referencias bibliográficas. | ||
| 510 | 4 | |a MR, |c 54 #7333 |3 (t. 1) | |
| 510 | 4 | |a MR, |c 54 #7334 |3 (t. 2) | |
| 100 | 1 | |a Barbut, Marc. | |
| 700 | 1 | |a Monjardet, Bernard. | |
| 650 | 0 | |a Algebra, Abstract. | |
| 650 | 0 | |a Combinatorial analysis. | |
| 650 | 0 | |a Lattice theory. | |
| 084 | |a 06Bxx |2 msc2000 | ||
| 010 | |a 74580360 | ||
| 040 | |a DLC |c NcU |d DLC | ||
| 859 | |h 06 |i B241 |p A-5304 |v 1 |3 Tome I |b BIB. MATEMATICA | ||
| 859 | |h 06 |i B241 |p A-5305 |v 2 |3 Tome II |b BIB. MATEMATICA | ||
